Zakázaná slova, aneb, (ne)pikantní jazykověda

Bibliographic Details
Main Author: Doležal, Antonín, 1929- (Author)
Other Authors: Helmich, Karel, 1926-2010 (Illustrator)
Format: Book
Language:Czech
PhysicalDescription:202 s. ilustr. 21 cm
Published: Praha Grada 2004
ISBN:8024709163
Edition:1.vyd.
Subjects:

MARC

LEADER 00000cam a2200000 a 4500
001 vtls008289565
003 SK-MaSNL
005 20260302074116.0
008 240318s2004 xr a f 000 0 cze
020 |a 8024709163  |q (brož.) 
035 |a SVKPOKN101044 
040 |a SNK  |b slo  |c SNK  |e AACR2 
041 0 |a cze 
044 |a xr  |c CZ 
072 7 |a 81  |x Jazykoveda. Jazyky  |2 konspekt 
080 |a 613.88  |2 2001 
080 |a 612.36  |2 2001 
080 |a 81`2/`44  |2 2001 
080 |a (0.062)  |2 2001 
100 1 |a Doležal, Antonín,  |d 1929-  |4 aut  |9 87715 
245 1 0 |a Zakázaná slova, aneb, (ne)pikantní jazykověda  |c Antonín Doležal ; [ilustrace Karel Helmich] 
246 3 0 |a (Ne)pikantní jazykověda 
250 |a 1.vyd. 
260 |a Praha  |b Grada  |c 2004 
300 |a 202 s.  |b ilustr.  |c 21 cm 
500 |a Na obale uvedené Avicenum s logom 
650 0 7 |a sexualita  |x jazykové aspekty  |2 SNKPH  |9 739330 
650 0 7 |a exkrécia  |2 SNKPH  |9 75119 
650 0 7 |a ľudová slovesnosť  |2 SNKPH  |9 67005 
650 0 7 |a slang  |2 SNKPH  |9 22837 
650 0 7 |a vulgarizmy  |2 SNKPH  |9 78317 
655 7 |a populárno-náučné publikácie  |2 SNKPH  |9 70460 
700 1 |a Helmich, Karel,  |d 1926-2010  |4 ill  |9 349042 
919 |a 80-247-0916-3 
999 |c 1163725  |d 1165655 
952 |t snkDOL 800  |a SNKUST  |b SNKUST  |y PREZ  |7 0  |p 17A0510984  |o snkIC 133432  |i snk2006/11065  |8 3  |g 12.38  |0 0  |1 0  |4 0  |d 2006-06-02  |l 0  |r 2025-04-29 00:00:00  |w 2026-02-24